Un año de cambio en la educación colombiana 1994-1995
Este libro muestra como en menos de un año el Ministerio de Educación de Colombia sentó las bases jurídicas, técnicas y financieras para posicionar la educación en el lugar de preeminencia que le correspondía.
Guardat en:
| Autor corporatiu: | |
|---|---|
| Altres autors: | |
| Format: | Llibre |
| Idioma: | Spanish |
| Publicat: |
Bogotá:
MEN,
1995
|
| Col·lecció: | Serie memorias
|
| Matèries: | |
| Accés en línia: | Enlace del recurso |
| Etiquetes: |
Afegir etiqueta
Sense etiquetes, Sigues el primer a etiquetar aquest registre!
|
MARC
| LEADER | 00000nam a2200000 a 4500 | ||
|---|---|---|---|
| 001 | 001028 | ||
| 008 | 030508s1995 ck a fr# o000|0#spa#d | ||
| 020 | |a 958-9402-35-6 | ||
| 041 | 0 | |a spa | |
| 043 | |a s-ck--- | ||
| 082 | 0 | 4 | |a 379.2 |b C545a |
| 110 | 1 | |a Colombia. |b Ministerio de Educación Nacional | |
| 245 | 1 | 0 | |a Un año de cambio en la educación colombiana 1994-1995 |c Ministerio de Educación Nacional; Arturo Sarabia Better |
| 260 | |a Bogotá: |b MEN, |c 1995 | ||
| 300 | |a 369 p.: |b il., gráf., tabl. | ||
| 440 | 0 | |a Serie memorias | |
| 520 | 3 | |a Este libro muestra como en menos de un año el Ministerio de Educación de Colombia sentó las bases jurídicas, técnicas y financieras para posicionar la educación en el lugar de preeminencia que le correspondía. | |
| 650 | 1 | 4 | |a POLÍTICA EDUCATIVA |z COLOMBIA |
| 650 | 1 | 4 | |a CALIDAD EN LA EDUCACIÓN |
| 700 | 1 | |a Sarabia Better, Arturo | |
| 999 | |c 3180 |d 3180 | ||
| 856 | |u https://catalogo.idep.edu.co/cgi-bin/koha/opac-detail.pl?biblionumber=3180 |z Enlace del recurso | ||